[Event "Mittelfranken-chTB2a 1011"]
[Site "Germany"]
[Date "2011.02.13"]
[Round "6.6"]
[White "Pohl, Thomas"]
[Black "Lindner, Christoph"]
[Result "1/2-1/2"]
[WhiteElo "1689"]
[BlackElo "1765"]
[PlyCount "84"]
[EventDate "2010.09.26"]
[EventType "team-tourn"]
[EventRounds "9"]
[EventCountry "GER"]
[SourceTitle "EXT 2012"]
[Source "ChessBase"]
[SourceDate "2011.11.24"]
[SourceVersion "1"]
[SourceVersionDate "2011.11.24"]
[SourceQuality "1"]
[WhiteTeam "Grossenseebach"]
[BlackTeam "Kirchehrenbach/Ebermannstadt"]
[WhiteTeamCountry "GER"]
[BlackTeamCountry "GER"]

1. d4 d5 2. c4 e6 3. Nc3 Nf6 4. Nf3 Be7 5. Bf4 0-0 6. e3 dxc4 7. Bxc4 b6 8. 0-0 Bb7 9. h3 Bd6 10. Bg5 h6 11. Bh4 Be7 12. a3 Nbd7 13. b4 Ne4 14. Bxe7 Qxe7 15. Nxe4 Bxe4 16. Nd2 Bb7 17. Rc1 Rfc8 18. Be2 a5 19. bxa5 Rxa5 20. Nc4 Ra7 21. Ra1 Bd5 22. a4 Rca8 23. Qc2 Nf6 24. Rfb1 Be4 25. Bd3 Bxd3 26. Qxd3 Rxa4 27. Rxa4 Rxa4 28. Rc1 Ra8 29. Qc2 Ne8 30. Ne5 Qd6 31. Qe4 Ra7 32. Rc6 Qd5 33. Qxd5 exd5 34. f4 f6 35. Nd3 Kf7 36. Kf2 Ke7 37. f5 Kd7 38. Rc2 Nd6 39. g4 Ra5 40. Nf4 c6 41. Ne6 Ne8 42. Kf3 Kd6 1/2-1/2

[Event "Saarland-ch A 85th"]
[Site "Homburg"]
[Date "2010.03.31"]
[Round "6"]
[White "Aubertin, Tim"]
[Black "Pohl, Thomas"]
[Result "1/2-1/2"]
[WhiteElo "1987"]
[BlackElo "1675"]
[PlyCount "54"]
[EventDate "2010.03.28"]
[EventType "swiss"]
[EventRounds "9"]
[EventCountry "GER"]
[SourceTitle "EXT 2011"]
[Source "ChessBase"]
[SourceDate "2010.11.26"]
[SourceVersion "1"]
[SourceVersionDate "2010.11.26"]
[SourceQuality "1"]

1. b4 e5 2. a3 a6 3. c4 Nf6 4. Bb2 Nc6 5. b5 axb5 6. cxb5 Nd4 7. e3 Ne6 8. Bxe5 d5 9. Nf3 Bd7 10. Be2 Be7 11. 0-0 0-0 12. Qc2 Ng4 13. Bb2 Bf6 14. Nc3 d4 15. Nd5 dxe3 16. Nxf6+ Nxf6 17. dxe3 c6 18. Rfd1 Qe7 19. Ne5 Rfc8 20. Qd3 Nc5 21. Qc2 Be6 22. Bc4 cxb5 23. Bxe6 Qxe6 24. Qe2 Na4 25. Qxb5 Nxb2 26. Qxb2 Ra5 27. Nf3 Qe7 1/2-1/2

[Event "Mittelfranken-chTB2a 0809"]
[Site "Mittelfranken"]
[Date "2009.04.26"]
[Round "9.8"]
[White "Wissmeier, Bernd"]
[Black "Pohl, Thomas"]
[Result "1-0"]
[WhiteElo "1948"]
[BlackElo "1685"]
[PlyCount "51"]
[EventDate "2008.10.12"]
[EventType "team"]
[EventRounds "9"]
[EventCountry "GER"]
[SourceTitle "EXT 2011"]
[Source "ChessBase"]
[SourceDate "2010.11.26"]
[SourceVersion "1"]
[SourceVersionDate "2010.11.26"]
[SourceQuality "1"]
[WhiteTeam "Nuernberg SK 1911"]
[BlackTeam "Grossenseebach II"]
[WhiteTeamCountry "GER"]
[BlackTeamCountry "GER"]

1. e4 c5 2. Nf3 Nc6 3. d4 cxd4 4. Nxd4 e6 5. Nb3 Nf6 6. Nc3 Bb4 7. Bd2 0-0 8. Bd3 b6 9. a3 Bxc3 10. Bxc3 e5 11. 0-0 Bb7 12. Re1 Re8 13. Nd2 d5 14. exd5 Nxd5 15. Ne4 Nxc3 16. Nxc3 Nd4 17. Be4 Rb8 18. Qd3 Bxe4 19. Nxe4 Qc7 20. c3 Ne6 21. Rad1 Nc5 22. Qc4 Rbc8 23. Nd6 Qe7 24. Nxc8 Rxc8 25. b4 b5 26. Qxb5 1-0